000 01287nam a2200313 a 4500
001 BRCA_5261
005 20190320205016.0
008 301110s1963----nyua######---#000-0#eng-#
020 _a0870990500
041 _aeng
044 _anyu
050 4 _aN5963
_b.R67 1963
100 1 _aRorimer, James J.
_911012
245 1 0 _aThe Cloisters
_bthe Building and the Collection of Medieval Art in Fort Tryon Park
_cJames J. Rorimer ; edition revised in collaboration with Margaret B. Freeman and the Staff of the Medieval Department and The Cloisters.
250 _a3
260 _aNueva York
_bMetropolitan Museum of Art
_c1963
300 _ax, 225 p.
_bil.
_c21 cm.
500 _aIncluye índice alfabético
500 _aDonación Dr. Héctor Rivero Borrell Vázquez
500 _aEsta edición se encuentra en el Área de Investigación
500 _aLa biblioteca cuenta con un 2do. ejemplar perteneciente al Fondo General Franz Mayer (Y11) y con las ediciones 1946 (E41) y 1951 (E39)
650 1 4 _aArte medieval
_vExposiciones
_912983
650 1 4 _aClaustros (Arquitectura)
_911015
650 1 4 _aGalerías y museos
_zEstados Unidos
_97437
700 1 _aFreeman, Margaret B.
_913474
710 2 _aMetropolitan Museum of Art (Nueva York)
_97537
902 _aDHR
942 _2lcc
_cB
999 _c4955
_d4955